Ma femme est une sorcière. (Record no. 3648)

MARC details
000 -LEADER
fixed length control field 00708cam a22002291 4500
001 - CONTROL NUMBER
control field af 47006700
003 - CONTROL NUMBER IDENTIFIER
control field DLC
005 - DATE AND TIME OF LATEST TRANSACTION
control field 20260227110838.0
008 - FIXED-LENGTH DATA ELEMENTS--GENERAL INFORMATION
fixed length control field 850702s1946 fr 000 0 fre c
010 ## - LIBRARY OF CONGRESS CONTROL NUMBER
LC control number af 47006700
035 ## - SYSTEM CONTROL NUMBER
System control number (OCoLC)12223088
040 ## - CATALOGING SOURCE
Original cataloging agency Harvard Univ. Library
Transcribing agency NhD
Modifying agency OCoLC
-- DLC
041 1# - LANGUAGE CODE
Language code of text/sound track or separate title fre
Language code of original eng
050 00 - LIBRARY OF CONGRESS CALL NUMBER
Classification number PS3537.M835
Item number P33
100 1# - MAIN ENTRY--PERSONAL NAME
Personal name Smith, Thorne,
Dates associated with a name 1892-1934.
240 10 - UNIFORM TITLE
Uniform title Passionate witch.
Language of a work French.
245 10 - TITLE STATEMENT
Title Ma femme est une sorcière.
Statement of responsibility, etc. [Complété par Norman Matson] Adapté de l'ameréricain par Yves Maurion.
260 ## - PUBLICATION, DISTRIBUTION, ETC.
Place of publication, distribution, etc. Paris,
Name of publisher, distributor, etc. Deux Sirènes
Date of publication, distribution, etc. [1946]
300 ## - PHYSICAL DESCRIPTION
Extent 247 p.
Dimensions 19 cm.
700 1# - ADDED ENTRY--PERSONAL NAME
Personal name Matson, Norman,
Dates associated with a name 1893-
700 1# - ADDED ENTRY--PERSONAL NAME
Personal name Maurion, Yves,
Relator term tr.

No items available.

Powered by Koha